| 000 | 01747nam a22004577a 4500 | ||
|---|---|---|---|
| 001 | 000095321 | ||
| 003 | CHAP | ||
| 005 | 20220817044100.0 | ||
| 008 | 060228d2005 mx d r 00110 spa d | ||
| 010 | _a91787 | ||
| 011 | _a92759 | ||
| 035 | _a103325 | ||
| 040 | _cCHAP | ||
| 090 | _aTesis | ||
| 100 | 0 | 0 |
_aHernández García, Miguel Angel. _954053 |
| 245 | 1 | 0 |
_aModernidad, desarrollo rural e identidad en la franja fronteriza de Quintana Roo con Belice / _c/por Miguel Ángel Hernández García. |
| 260 |
_aChapingo, Méx. : _bEl autor, _c2005. |
||
| 300 |
_a364 h. : _bcuadros. |
||
| 502 | _aTesis (Dr. en Ciencias en Ciencias Agrarias) -- UACH. Departamento de Sociología Rural | ||
| 590 |
_aALEPH _b10 _c20130110 _lUCH01 _h1509 |
||
| 590 |
_aBATCH-UPD _b10 _c20130110 _lUCH01 _h0036 |
||
| 590 |
_aBATCH-UPD _b10 _c20130110 _lUCH01 _h0631 |
||
| 590 |
_aBATCH-UPD _b10 _c20130410 _lUCH01 _h0314 |
||
| 590 |
_aBATCH-UPD _b10 _c20130913 _lUCH01 _h2117 |
||
| 590 |
_aBATCH-UPD _b10 _c20140324 _lUCH01 _h1454 |
||
| 590 |
_aBATCH-UPD _b10 _c20141002 _lUCH01 _h0828 |
||
| 590 |
_aCONVERSION _b10 _c20130109 _lUCH01 _h1351 |
||
| 590 |
_aE12093SGE _b10 _c20130607 _lUCH01 _h1241 |
||
| 650 | 0 | 4 |
_aDesarrollo de la comunidad rural _xQuintana Roo. _932023 |
| 650 | 0 | 4 |
_aQuintana Roo _xCondiciones sociales. _993374 |
| 650 | 1 | 4 |
_aAgricultura _xQuintana Roo. |
| 650 | 1 | 4 |
_aDesarrollo rural. _932067 |
| 650 | 1 | 4 |
_aMayas _xCultura. _973214 |
| 856 |
_3Finding aid _uhttp://10.13.5.2/tesis/103325.pdf _zTeclea aquí |
||
| 901 | _aBK | ||
| 905 | _aMarco A. Mendoza T. | ||
| 942 | _cCD | ||
| 942 | _n0 | ||
| 949 |
_aTesis _bBC _cTES _d00000001033251 _eTS1 _gDonaciØn _h44802 _i103325 _sb |
||
| 949 |
_aTesis _bBC _cTES _d33724000980082 _eTS2 _fc.2 _gDonaciØn _h44803 _i103325 _sb |
||
| 999 |
_c91787 _d91787 |
||